| 000 | 00780nam a22002297a 4500 | ||
|---|---|---|---|
| 003 | OSt | ||
| 005 | 20150408114218.0 | ||
| 008 | 140517s2013 enka g b 001 0 eng d | ||
| 020 | _a9781472514684 | ||
| 040 | _aMa-Un | ||
| 082 | 0 | 4 |
_222 _a382 _bJRI |
| 100 | 1 |
_aJohns, Richard Anthony _945332 |
|
| 245 | 1 | 0 |
_aInternational trade theories and the evolving international economy / _cR.A. Johns. |
| 260 |
_aLondon : _bBloomsbury Academic, _c2013. |
||
| 300 |
_axii, 321 p. : _bill. ; _c24 cm. |
||
| 490 | 0 | _aBloomsbury academic collections. Economics | |
| 500 | _aIncludes Bibliography: p. [287]-316 and index. | ||
| 650 |
_aInternational trade _xPhilosophy _945333 |
||
| 650 |
_aInternational economic relations. _95913 |
||
| 650 |
_aCommercial policy _917889 |
||
| 942 |
_2ddc _cBOOK |
||
| 999 |
_c35163 _d269663 |
||